Manaratha sārathulu. (Record no. 82853)
[ view plain ]
| 000 -LEADER | |
|---|---|
| fixed length control field | 00565cam a22002291 4500 |
| 001 - CONTROL NUMBER | |
| control field | sa 68009299 |
| 003 - CONTROL NUMBER IDENTIFIER | |
| control field | DLC |
| 005 - DATE AND TIME OF LATEST TRANSACTION | |
| control field | 20260227112542.0 |
| 008 - FIXED-LENGTH DATA ELEMENTS--GENERAL INFORMATION | |
| fixed length control field | 940712s1968 ii c 000 0 telo |
| 010 ## - LIBRARY OF CONGRESS CONTROL NUMBER | |
| LC control number | sa 68009299 |
| 025 ## - OVERSEAS ACQUISITION NUMBER | |
| Overseas acquisition number | PL480:I-Te-1711 |
| 035 ## - SYSTEM CONTROL NUMBER | |
| System control number | (OCoLC)30753661 |
| 040 ## - CATALOGING SOURCE | |
| Original cataloging agency | DLC |
| Transcribing agency | CU |
| Modifying agency | CU |
| -- | DLC |
| 042 ## - AUTHENTICATION CODE | |
| Authentication code | premarc |
| 050 00 - LIBRARY OF CONGRESS CALL NUMBER | |
| Classification number | DS485.A55 |
| Item number | A6 |
| 100 0# - MAIN ENTRY--PERSONAL NAME | |
| Personal name | Abhilāṣi. |
| 245 10 - TITLE STATEMENT | |
| Title | Manaratha sārathulu. |
| 260 ## - PUBLICATION, DISTRIBUTION, ETC. | |
| Date of publication, distribution, etc. | [1968] |
| 300 ## - PHYSICAL DESCRIPTION | |
| Extent | 232 p. |
| Other physical details | ports. |
| Dimensions | 19 cm. |
| 500 ## - GENERAL NOTE | |
| General note | In Telugu. |
| 651 #0 - SUBJECT ADDED ENTRY--GEOGRAPHIC NAME | |
| Geographic name | Andhra Pradesh (India) |
| Form subdivision | Biography. |
No items available.